Mitski Discography - Statistics

General Stats
  • This quiz has been taken 3,070 times
  • The average score is 36 of 54
Answer Stats
Album Song % Correct
A Pearl
89%
Lush Liquid Smooth
89%
Nobody
87%
Washing Machine Heart
87%
First Love / Late Spring
84%
Francis Forever
82%
I Bet on Losing Dogs
82%
Brand New City
77%
Me and My Husband
77%
Class of 2013
76%
Eric
76%
Strawberry Blond
76%
Pearl Diver
73%
Your Best American Girl
73%
Retired from Sad, New Career in Business Goodbye, My Danish Sweetheart
72%
Real Men
71%
Bag of Bones
70%
Last Words of a Shooting Star
70%
Square
70%
Abbey
69%
Circle
69%
Drunk Walk Home
69%
Townie
69%
A Burning Hill
67%
Fireworks
67%
I Want You
67%
Pink in the Night
67%
Puberty 2 Happy
66%
Jobless Monday
66%
Wife
66%
Crack Baby
65%
I Don't Smoke
65%
Door
64%
Be The Cowboy Geyser
64%
Dan the Dancer
63%
Humpty
63%
Two Slow Dancers
63%
I Will
62%
Once More to See You
62%
Shame
60%
Bury Me At Makeout Creek Texas Reznikoff
60%
A Horse Named Cold Air
59%
Carry Me Out
59%
My Body's Made of Crushed Little Stars
58%
Why Didn't You Stop Me
58%
Non-Album Singles Cop Car
57%
Old Friend
55%
Thursday Girl
55%
Because Dreaming Costs Money, My Dear
54%
Blue Light
54%
A Loving Feeling
52%
Remember My Name
52%
Lonesome Love
50%
Come into the Water
47%
No matching quizzes found
Score Distribution
Percent of People with Each Score
Percentile by Number Answered
Your Score History
You have not taken this quiz